000 00841nam a22002177a 4500
003 0
005 20251111160119.0
008 251111b xxu||||| |||| 00| 0 eng d
020 _a978-1-4231-4672-8
050 _aPZ 7
_b.R48 Ho 2013
100 _aRiordan, Rick,
_eauthor.
245 _aThe house of Hades /
_cRick Riordan.
260 _aNew York :
_bDisney-Hyperion,
_c2013.
300 _a597 pages ;
_c22 cm.
490 _aHeroes of Olympus ;
_vBook 4
520 _aIn this fourth installment of the Heroes of Olympus series, Percy Jackson and his friends embark on a dangerous quest to close the Doors of Death and prevent monsters from escaping into the world of mortals.
650 _aFantasy fiction
_vJuvenile.
650 _aAdventure and adventurers
_vJuvenile fiction.
650 _aGreek mythology
_vJuvenile.
942 _2lcc
_cBK
999 _c368596
_d368596